000 00685nam a2200253Ia 4500
003 OSt
005 20221006142701.0
006 a|||||r|||| 00| 0
007 ta
008 221006b |||||||| |||| 00| 0 eng d
020 _cP20.00
024 _a6,936
037 _cTextual
040 _aEASL
_cEASL
_beng
041 _2eng
_aeng
082 _aY:356.42.N8, M5
100 _aSMITH Robert J
_9139100
245 0 _aJapanese society
_b Tradition self and the social order
260 _aCambridge
_bCambridge University
_c1985
300 _a176p.
_ccm.
490 _v JEL
942 _hY:356.42.N8, M5
_cTEXL
_2CC
999 _c1075022
_d1075022